[Event "POL-chT 2nd League Juniors 2020"]
[Site "Sypniewo"]
[Date "2020.10.27"]
[Round "6.2"]
[White "Bujalski, Mateusz"]
[Black "Oleksy, Krzysztof"]
[Result "1/2-1/2"]
[WhiteElo "1865"]
[BlackElo "1934"]
[Annotator "TA"]
[PlyCount "70"]
[EventDate "2020.10.23"]
[EventType "team-tourn"]
[EventCountry "POL"]
[SourceTitle "playchess.com"]
[Source "ChessBase"]
[SourceQuality "1"]

{[%evp 11,70,0,0,0,14,14,25,25,22,16,13,15,26,22,21,15,22,25,26,-33,-35,-23,0,0,0,0,0,-28,0,0,0,0,0,-12,16,19,19,0,31,0,0,0,0,0,0,0,0,0,0,-51,0,0,0,0,0,0,0,0,0,0,0]} 1. d4 c5 2. c3 cxd4 3. cxd4 d5 4. Nc3 Nf6 5. Nf3 Nc6 6. Qb3 e6 7. Bg5 {D13: Slav Defence: Exchange variation without ...Bf5.} Be7 8. e3 a6 9. Bd3 {White has an edge.} h6 10. Bh4 O-O 11. O-O Na5 12. Qc2 b5 13. Ne5 Bb7 {[#]} 14. f4 $146 ({Predecessor:} 14. Rac1 Rc8 15. Qe2 Ne4 16. Bxe7 Nxc3 17. Rxc3 Qxe7 18. Rfc1 Rxc3 19. Rxc3 Rc8 20. Rxc8+ Bxc8 {½-½ (39) Polyak,I (2165)-Olah,G (2002) Hungary 2011}) 14... Nc4 15. Nxc4 ({White should try} 15. Bxf6 $11 Bxf6 16. Bxc4 dxc4 17. Ne4) 15... dxc4 $15 16. Bxf6 cxd3 (16... gxf6 {feels hotter.} 17. Bh7+ Kg7 18. Be4 Bxe4 19. Nxe4 f5) 17. Bxe7 dxc2 18. Bxd8 Rfxd8 19. a3 Rac8 20. Rac1 a5 {...b4 is the strong threat.} 21. Nxb5 Be4 22. Nc3 Rxc3 23. bxc3 $11 {[%mdl 4096] Endgame KRR-KRB} Rc8 24. Kf2 Rxc3 25. Ra1 a4 26. g3 Kf8 27. Ke2 Ke7 28. Rfc1 Kd6 {With the idea ...Kd5.} 29. Kd2 Rb3 30. g4 (30. Ra2 $11) 30... Kd5 (30... g5 $1 $15) 31. h4 {The position is equal.} Rb2 {[#] Hoping for ...Kc4.} 32. Kc3 $1 {[%cal Rc3b2]} Rb3+ 33. Kd2 Rb2 {And now ...Kc4 would win.} 34. Kc3 $1 {[%cal Rc3b2]} Rb1 35. Kd2 Rb2 {A rather calm draw. Av CentiPawn Loss W=-6/B=-6. Weighted=-6/-7} 1/2-1/2

[Event "POL-chT 2nd League Juniors 2020"]
[Site "Sypniewo"]
[Date "2020.10.27"]
[Round "6.2"]
[White "Zniszczol, Wiktoria"]
[Black "Szuber, Dawid"]
[Result "0-1"]
[WhiteElo "1620"]
[BlackElo "1496"]
[Annotator "NA RC"]
[PlyCount "88"]
[EventDate "2020.10.23"]
[EventType "team-tourn"]
[EventCountry "POL"]
[SourceTitle "playchess.com"]
[Source "ChessBase"]
[SourceQuality "1"]
[TimeControl "5400+30"]

1. e4 {[%emt 0:00:00]} c5 {[%emt 0:00:00]} 2. Nc3 {[%emt 0:00:00]} e6 {[%emt 0:00:00]} 3. f4 {[%emt 0:00:00]} a6 4. g3 {[%emt 0:00:37]} d5 {[%emt 0:01:25]} 5. d3 {[%emt 0:00:55]} Nc6 {[%emt 0:01:27]} 6. Bg2 {[%emt 0:00:39]} Nf6 {[%emt 0:00:56]} 7. Nh3 {[%emt 0:06:54]} Be7 {[%emt 0:04:58]} 8. O-O {[%emt 0:00:06]} O-O {[%emt 0:03:35]} 9. Nf2 {[%emt 0:14:06]} b5 {[%emt 0:06:18]} 10. Bd2 {[%emt 0:00:37]} Bb7 {[%emt 0:01:08]} 11. g4 {[%emt 0:10:14]} d4 {[%emt 0:09:05]} 12. Ne2 {[%emt 0:01:55]} e5 {[%emt 0:01:13]} 13. f5 {[%emt 0:08:44]} Nd7 {[%emt 0:01:51]} 14. Nh3 {[%emt 0:03:21]} f6 {[%emt 0:01:18]} 15. Rf3 {[%emt 0:10:26]} c4 {[%emt 0:04:57]} 16. a3 {[%emt 0:01:15]} Nc5 {[%emt 0:07:28]} 17. Nc1 {[%emt 0:05:04]} Na4 {[%emt 0:05:17]} 18. b3 {[%emt 0:03:25]} Nb2 {[%emt 0:03:38]} 19. Qe1 {[%emt 0:00:48]} c3 {[%emt 0:00:41]} 20. Bxc3 {[%emt 0:00:48]} dxc3 {[%emt 0:01:31]} 21. Kh1 {[%emt 0:14:10]} b4 {[%emt 0:03:48]} 22. a4 {[%emt 0:00:20]} Nd4 {[%emt 0:00:40]} 23. Rf2 {[%emt 0:00:07]} Bc5 {[%emt 0:04:21]} 24. Bf1 {[%emt 0:02:43]} Rc8 {[%emt 0:02:16]} 25. Rg2 Qe7 {[%emt 0:07:25]} 26. Qg3 {[%emt 0:03:04]} Bd6 {[%emt 0:14:15]} 27. Ng1 {[%emt 0:01:02]} Kh8 {[%emt 0:01:24]} 28. Nf3 {[%emt 0:01:20]} g6 {[%emt 0:02:29]} 29. Nxd4 {[%emt 0:00:06]} exd4 {[%emt 0:00:03]} 30. Qf3 {[%emt 0:01:54]} Qe5 {[%emt 0:01:25]} 31. Ne2 {[%emt 0:00:49]} gxf5 {[%emt 0:01:06]} 32. gxf5 {[%emt 0:00:25]} Rg8 {[%emt 0:00:51]} 33. Rf2 {[%emt 0:00:20]} Rg5 {[%emt 0:01:14]} 34. Bh3 {[%emt 0:00:46]} Rcg8 {[%emt 0:00:39]} 35. Rg1 {[%emt 0:03:43]} Bc6 {[%emt 0:02:17]} 36. Rgf1 {[%emt 0:02:09]} Nxa4 {[%emt 0:03:50]} 37. bxa4 {[%emt 0:02:15]} Bxa4 {[%emt 0:00:01]} 38. Nc1 {[%emt 0:00:24]} a5 {[%emt 0:01:07]} 39. Nb3 {[%emt 0:00:57]} Bc6 {[%emt 0:01:13]} 40. Re1 {[%emt 0:02:18]} a4 {[%emt 0:00:45]} 41. Nc1 {[%emt 0:00:13]} Rb8 {[%emt 0:00:23]} 42. Bg4 {[%emt 0:00:43]} b3 {[%emt 0:00:41]} 43. cxb3 {[%emt 0:00:22]} axb3 {[%emt 0:00:26]} 44. Nxb3 {[%emt 0:01:14]} Rxb3 {[%emt 0:00:40]} 0-1

[Event "POL-chT 2nd League Juniors 2020"]
[Site "Sypniewo"]
[Date "2020.10.27"]
[Round "6.3"]
[White "Bochenek, Ryszard"]
[Black "Karut, Kacper"]
[Result "0-1"]
[WhiteElo "1445"]
[BlackElo "1657"]
[Annotator "NA RC"]
[PlyCount "58"]
[EventDate "2020.10.23"]
[EventType "team-tourn"]
[EventCountry "POL"]
[SourceTitle "playchess.com"]
[Source "ChessBase"]
[SourceQuality "1"]
[TimeControl "5400+30"]

1. e4 {[%emt 0:00:02]} c5 {[%emt 0:00:00]} 2. b3 {[%emt 0:00:04]} g6 {[%emt 0:00:00]} 3. Bb2 {[%emt 0:00:07]} Nf6 {[%emt 0:00:00]} 4. Nc3 Bg7 {[%emt 0:00:00]} 5. e5 {[%emt 0:13:28]} Nh5 {[%emt 0:00:51]} 6. Ne4 {[%emt 0:01:22]} Qc7 {[%emt 0:10:00]} 7. Nf3 {[%emt 0:05:19]} Nc6 {[%emt 0:02:04]} 8. Nxc5 {[%emt 0:11:37]} Nxe5 {[%emt 0:02:49]} 9. d4 {[%emt 0:00:38]} Nxf3+ {[%emt 0:03:48]} 10. Qxf3 {[%emt 0:01:30]} O-O {[%emt 0:03:22]} 11. O-O-O {[%emt 0:03:47]} Nf6 {[%emt 0:18:39]} 12. Re1 {[%emt 0:08:33]} d6 {[%emt 0:03:20]} 13. Nd3 {[%emt 0:05:59]} Bf5 {[%emt 0:07:03]} 14. Qe2 {[%emt 0:08:13]} Rac8 {[%emt 0:06:06]} 15. Kb1 {[%emt 0:09:57]} Ne4 {[%emt 0:13:08]} 16. c4 {[%emt 0:03:01]} Nf6 {[%emt 0:08:14]} 17. f3 Qa5 {[%emt 0:05:27]} 18. Qd1 {[%emt 0:05:08]} Rfe8 {[%emt 0:04:14]} 19. g4 {[%emt 0:01:48]} Bxd3+ {[%emt 0:00:57]} 20. Bxd3 {[%emt 0:00:14]} e5 {[%emt 0:00:37]} 21. d5 {[%emt 0:01:38]} a6 {[%emt 0:02:16]} 22. h4 {[%emt 0:00:43]} b5 {[%emt 0:01:02]} 23. h5 {[%emt 0:01:44]} bxc4 {[%emt 0:00:47]} 24. bxc4 {[%emt 0:00:10]} Rb8 {[%emt 0:00:50]} 25. hxg6 {[%emt 0:02:49]} hxg6 {[%emt 0:02:29]} 26. Ka1 {[%emt 0:00:37]} Rxb2 {[%emt 0:02:08]} 27. Kxb2 {[%emt 0:01:09]} Rb8+ {[%emt 0:00:08]} 28. Kc2 {[%emt 0:01:41]} Qxa2+ {[%emt 0:00:18]} 29. Kc3 {[%emt 0:00:11]} Qb2# {[%emt 0:00:05]} 0-1

[Event "POL-chT 2nd League Juniors 2020"]
[Site "Sypniewo"]
[Date "2020.10.27"]
[Round "6.3"]
[White "Jendrowiak, Maciej"]
[Black "Wieckowski, Michal"]
[Result "1/2-1/2"]
[WhiteElo "1382"]
[BlackElo "1494"]
[Annotator "NA RC"]
[PlyCount "64"]
[EventDate "2020.10.23"]
[EventType "team-tourn"]
[EventCountry "POL"]
[SourceTitle "playchess.com"]
[Source "ChessBase"]
[SourceQuality "1"]
[TimeControl "5400+30"]

1. d4 {[%emt 0:00:07]} f5 {[%emt 0:00:00]} 2. g3 {[%emt 0:00:44]} g6 {[%emt 0:00:08]} 3. Bg2 {[%emt 0:00:38]} Bg7 {[%emt 0:00:20]} 4. Nf3 {[%emt 0:00:59]} Nf6 {[%emt 0:01:15]} 5. O-O {[%emt 0:03:25]} O-O {[%emt 0:01:02]} 6. Nbd2 {[%emt 0:02:36]} d6 {[%emt 0:07:48]} 7. Re1 {[%emt 0:02:45]} Qe8 {[%emt 0:12:14]} 8. e4 {[%emt 0:02:51]} fxe4 {[%emt 0:01:20]} 9. Nxe4 {[%emt 0:00:53]} Nxe4 {[%emt 0:01:57]} 10. Rxe4 Bf5 11. Rh4 {[%emt 0:03:05]} Nc6 {[%emt 0:16:47]} 12. c3 {[%emt 0:00:32]} Nd8 {[%emt 0:20:50]} 13. Be3 {[%emt 0:04:02]} c6 {[%emt 0:02:52]} 14. d5 {[%emt 0:02:04]} c5 {[%emt 0:02:58]} 15. Qd2 {[%emt 0:01:23]} Nf7 {[%emt 0:01:45]} 16. Ng5 {[%emt 0:02:49]} Nxg5 {[%emt 0:00:18]} 17. Bxg5 {[%emt 0:00:15]} Bf6 {[%emt 0:14:11]} 18. Re1 {[%emt 0:02:32]} Qf7 {[%emt 0:00:20]} 19. Bxf6 {[%emt 0:22:57]} exf6 {[%emt 0:00:11]} 20. Be4 {[%emt 0:01:53]} Bd7 {[%emt 0:03:11]} 21. Rf4 {[%emt 0:04:20]} Rae8 {[%emt 0:01:42]} 22. c4 {[%emt 0:04:52]} Re5 {[%emt 0:02:39]} 23. Bc2 {[%emt 0:01:59]} Qe7 {[%emt 0:05:49]} 24. Rfe4 {[%emt 0:07:13]} Bf5 {[%emt 0:01:22]} 25. Rxe5 {[%emt 0:00:16]} fxe5 {[%emt 0:00:04]} 26. f4 {[%emt 0:03:26]} Bxc2 {[%emt 0:01:11]} 27. Qxc2 {[%emt 0:00:08]} Qf6 {[%emt 0:00:27]} 28. Rf1 {[%emt 0:03:18]} Re8 {[%emt 0:00:24]} 29. Qe4 {[%emt 0:01:07]} Qf5 {[%emt 0:00:29]} 30. Re1 {[%emt 0:00:48]} Qf6 {[%emt 0:00:37]} 31. Rf1 Qf5 32. Qxf5 gxf5 1/2-1/2

[Event "POL-chT 2nd League Juniors 2020"]
[Site "Sypniewo"]
[Date "2020.10.27"]
[Round "6.4"]
[White "Leszczewicz, Karol"]
[Black "Rzepka, Marcin"]
[Result "1-0"]
[WhiteElo "1267"]
[BlackElo "1294"]
[Annotator "NA"]
[PlyCount "135"]
[EventDate "2020.10.23"]
[EventType "team-tourn"]
[EventCountry "POL"]
[SourceTitle "playchess.com"]
[Source "ChessBase"]
[SourceQuality "1"]
[TimeControl "5400+30"]

1. d4 d6 {[%emt 0:00:00]} 2. Nf3 f5 3. c4 {[%emt 0:06:56]} Nf6 {[%emt 0:03:03]} 4. Nc3 {[%emt 0:00:51]} g6 {[%emt 0:01:20]} 5. Bg5 {[%emt 0:01:10]} Bg7 {[%emt 0:02:21]} 6. Bxf6 {[%emt 0:01:38]} Bxf6 {[%emt 0:01:42]} 7. e4 {[%emt 0:03:23]} O-O {[%emt 0:09:42]} 8. Be2 {[%emt 0:08:31]} Nc6 9. O-O {[%emt 0:07:46]} e6 {[%emt 0:16:05]} 10. Re1 {[%emt 0:13:30]} a6 {[%emt 0:05:23]} 11. Bf1 {[%emt 0:06:15]} Bg7 {[%emt 0:07:02]} 12. exf5 {[%emt 0:06:01]} Rxf5 {[%emt 0:07:20]} 13. Qd2 {[%emt 0:11:38]} Qf8 {[%emt 0:13:44]} 14. d5 {[%emt 0:06:49]} Ne5 {[%emt 0:09:35]} 15. Nxe5 {[%emt 0:03:16]} Bxe5 {[%emt 0:00:48]} 16. dxe6 {[%emt 0:06:01]} Bxe6 {[%emt 0:02:47]} 17. Ne4 {[%emt 0:03:59]} Bf4 {[%emt 0:04:49]} 18. Qc3 {[%emt 0:02:01]} Bd7 {[%emt 0:05:05]} 19. h3 {[%emt 0:02:50]} Be5 {[%emt 0:01:37]} 20. Qd2 {[%emt 0:00:16]} Bc6 {[%emt 0:02:51]} 21. Ng3 {[%emt 0:02:00]} Rf7 {[%emt 0:01:23]} 22. c5 {[%emt 0:00:11]} Qg7 {[%emt 0:01:04]} 23. Bc4 {[%emt 0:00:42]} d5 {[%emt 0:01:08]} 24. Bxd5 {[%emt 0:00:03]} Bxd5 {[%emt 0:00:21]} 25. Qxd5 {[%emt 0:00:09]} Bxb2 {[%emt 0:01:23]} 26. Rab1 {[%emt 0:00:07]} c6 {[%emt 0:00:39]} 27. Qb3 {[%emt 0:00:27]} Bd4 {[%emt 0:01:07]} 28. Re2 {[%emt 0:02:23]} Bxc5 {[%emt 0:00:54]} 29. Rbe1 {[%emt 0:00:09]} Raf8 {[%emt 0:00:21]} 30. Ne4 {[%emt 0:00:19]} Be7 {[%emt 0:00:48]} 31. Qxb7 {[%emt 0:00:52]} a5 {[%emt 0:00:33]} 32. Qxc6 {[%emt 0:00:22]} Bb4 {[%emt 0:00:29]} 33. Rd1 {[%emt 0:00:48]} Kh8 {[%emt 0:00:14]} 34. Rf1 {[%emt 0:00:26]} Kg8 {[%emt 0:00:17]} 35. Ng5 {[%emt 0:00:11]} Qf6 {[%emt 0:00:34]} 36. Qd5 {[%emt 0:00:38]} Qf5 {[%emt 0:00:49]} 37. Re5 {[%emt 0:00:22]} Qd7 {[%emt 0:00:34]} 38. Qb3 {[%emt 0:00:25]} Qb7 {[%emt 0:00:33]} 39. Nxf7 {[%emt 0:00:12]} Qxf7 {[%emt 0:00:03]} 40. Qxf7+ {[%emt 0:00:20]} Rxf7 {[%emt 0:00:08]} 41. a3 {[%emt 0:00:20]} Bxa3 {[%emt 0:00:31]} 42. Rxa5 {[%emt 0:00:07]} Bf8 {[%emt 0:00:10]} 43. Rfa1 {[%emt 0:00:24]} Bb4 {[%emt 0:00:33]} 44. Ra8+ {[%emt 0:00:05]} Bf8 {[%emt 0:00:05]} 45. R1a7 {[%emt 0:01:48]} Rf5 {[%emt 0:00:53]} 46. Rd7 {[%emt 0:00:10]} Rb5 {[%emt 0:01:25]} 47. Rc8 {[%emt 0:00:40]} Rb1+ {[%emt 0:00:15]} 48. Kh2 {[%emt 0:00:06]} Rb2 {[%emt 0:00:12]} 49. f3 {[%emt 0:00:29]} Rb6 {[%emt 0:00:03]} 50. f4 {[%emt 0:02:22]} Rf6 {[%emt 0:00:17]} 51. Kg3 {[%emt 0:00:09]} Ra6 {[%emt 0:01:51]} 52. Rdd8 {[%emt 0:02:01]} Rf6 {[%emt 0:00:08]} 53. Rd7 {[%emt 0:01:38]} Ra6 {[%emt 0:00:33]} 54. Rcc7 {[%emt 0:01:34]} h6 {[%emt 0:00:20]} 55. Rc8 {[%emt 0:00:16]} Rb6 {[%emt 0:00:16]} 56. Rdd8 {[%emt 0:00:09]} Rf6 {[%emt 0:00:06]} 57. Kg4 {[%emt 0:00:14]} Kg7 {[%emt 0:01:05]} 58. Rxf8 {[%emt 0:00:30]} Rxf8 {[%emt 0:00:06]} 59. Rxf8 {[%emt 0:00:04]} Kxf8 {[%emt 0:00:02]} 60. f5 {[%emt 0:00:16]} Kf7 {[%emt 0:01:57]} 61. fxg6+ {[%emt 0:01:13]} Kxg6 {[%emt 0:00:05]} 62. h4 {[%emt 0:00:22]} h5+ {[%emt 0:00:50]} 63. Kf4 {[%emt 0:00:07]} Kf6 {[%emt 0:00:13]} 64. g3 {[%emt 0:00:08]} Kg6 {[%emt 0:00:41]} 65. Ke5 {[%emt 0:00:07]} Kg7 {[%emt 0:00:36]} 66. Kf5 {[%emt 0:00:19]} Kh6 {[%emt 0:00:04]} 67. Kf6 {[%emt 0:00:06]} Kh7 {[%emt 0:00:05]} 68. Kg5 {[%emt 0:00:04]} 1-0

[Event "POL-chT 2nd League Juniors 2020"]
[Site "Sypniewo"]
[Date "2020.10.27"]
[Round "6.4"]
[White "Pycinski, Wladyslaw"]
[Black "Suszczynski, Dominik"]
[Result "1/2-1/2"]
[WhiteElo "1149"]
[BlackElo "1241"]
[Annotator "NA RC"]
[PlyCount "85"]
[EventDate "2020.10.23"]
[EventType "team-tourn"]
[EventCountry "POL"]
[SourceTitle "playchess.com"]
[Source "ChessBase"]
[SourceQuality "1"]
[TimeControl "5400+30"]

1. d4 {[%emt 0:00:34]} d5 {[%emt 0:00:00]} 2. Nf3 {[%emt 0:00:47]} Nf6 {[%emt 0:00:27]} 3. g3 {[%emt 0:00:30]} Bf5 {[%emt 0:00:48]} 4. Bg2 {[%emt 0:00:51]} e6 {[%emt 0:01:03]} 5. O-O {[%emt 0:01:18]} h6 {[%emt 0:01:17]} 6. c4 {[%emt 0:03:38]} c6 {[%emt 0:01:34]} 7. Nbd2 {[%emt 0:02:10]} Be7 {[%emt 0:02:01]} 8. b3 {[%emt 0:03:31]} O-O {[%emt 0:01:06]} 9. Bb2 {[%emt 0:02:59]} Nbd7 {[%emt 0:01:52]} 10. Re1 {[%emt 0:04:10]} Bh7 {[%emt 0:05:02]} 11. a3 {[%emt 0:03:13]} Ne4 {[%emt 0:04:06]} 12. Nxe4 {[%emt 0:03:56]} Bxe4 {[%emt 0:00:08]} 13. Nd2 {[%emt 0:00:26]} Bxg2 {[%emt 0:00:10]} 14. Kxg2 {[%emt 0:00:05]} Nf6 {[%emt 0:16:37]} 15. e4 {[%emt 0:03:55]} dxe4 {[%emt 0:00:09]} 16. Nxe4 {[%emt 0:00:12]} Re8 {[%emt 0:01:43]} 17. Qc2 {[%emt 0:01:08]} Qc7 {[%emt 0:02:16]} 18. Rad1 {[%emt 0:02:31]} Rad8 19. Nd2 {[%emt 0:06:10]} c5 {[%emt 0:17:19]} 20. Nf3 {[%emt 0:01:31]} cxd4 {[%emt 0:01:16]} 21. Nxd4 {[%emt 0:00:42]} a6 {[%emt 0:01:59]} 22. Qe2 {[%emt 0:09:13]} Rd7 {[%emt 0:04:44]} 23. Nf3 {[%emt 0:06:26]} Red8 {[%emt 0:01:18]} 24. Ne5 {[%emt 0:01:33]} Rxd1 {[%emt 0:00:04]} 25. Rxd1 {[%emt 0:00:06]} Rxd1 {[%emt 0:00:03]} 26. Qxd1 {[%emt 0:00:10]} Bxa3 {[%emt 0:02:40]} 27. Ba1 {[%emt 0:07:18]} Bd6 {[%emt 0:01:21]} 28. Nd3 {[%emt 0:01:37]} Nd7 {[%emt 0:04:03]} 29. Qg4 {[%emt 0:04:30]} Ne5 {[%emt 0:00:26]} 30. Qd4 {[%emt 0:00:30]} f6 {[%emt 0:00:14]} 31. c5 {[%emt 0:02:58]} Qc6+ {[%emt 0:00:10]} 32. Kh3 {[%emt 0:00:19]} Nf3 {[%emt 0:02:03]} 33. Qxd6 {[%emt 0:01:44]} Ng5+ {[%emt 0:00:06]} 34. Kh4 {[%emt 0:00:26]} Qe4+ {[%emt 0:00:17]} 35. Nf4 {[%emt 0:00:47]} Nf3+ {[%emt 0:00:16]} 36. Kh3 {[%emt 0:00:27]} Ng1+ {[%emt 0:00:03]} 37. Kh4 {[%emt 0:00:24]} Nf3+ {[%emt 0:03:31]} 38. Kh3 {[%emt 0:00:50]} Ng1+ {[%emt 0:00:41]} 39. Kh4 {[%emt 0:00:21]} Nf3+ {[%emt 0:05:53]} 40. Kh3 Ng5+ 41. Kh4 e5 42. Qd8+ Kh7 43. Qd3 1/2-1/2

[Event "POL-chT 2nd League Juniors 2020"]
[Site "Sypniewo"]
[Date "2020.10.27"]
[Round "6.5"]
[White "Seemann, Pola"]
[Black "Tarka, Aleksandra"]
[Result "1-0"]
[WhiteElo "1566"]
[BlackElo "1676"]
[Annotator "NA RC"]
[PlyCount "103"]
[EventDate "2020.10.23"]
[EventType "team-tourn"]
[EventCountry "POL"]
[SourceTitle "playchess.com"]
[Source "ChessBase"]
[SourceQuality "1"]
[TimeControl "5400+30"]

1. e4 {[%emt 0:00:00]} c5 {[%emt 0:00:00]} 2. Nf3 {[%emt 0:00:00]} Nc6 {[%emt 0:00:00]} 3. d4 {[%emt 0:00:00]} cxd4 {[%emt 0:00:00]} 4. Nxd4 {[%emt 0:00:00]} g6 {[%emt 0:00:00]} 5. c4 {[%emt 0:00:00]} Nf6 {[%emt 0:00:13]} 6. Nc3 {[%emt 0:00:13]} Nxd4 {[%emt 0:00:13]} 7. Qxd4 {[%emt 0:00:35]} d6 {[%emt 0:00:12]} 8. f3 {[%emt 0:01:45]} Bg7 {[%emt 0:01:07]} 9. Be3 {[%emt 0:03:10]} O-O {[%emt 0:01:48]} 10. Qd2 {[%emt 0:01:32]} Be6 {[%emt 0:13:37]} 11. Be2 {[%emt 0:05:07]} a5 {[%emt 0:04:17]} 12. O-O {[%emt 0:03:52]} a4 {[%emt 0:03:50]} 13. Rac1 Qa5 14. Kh1 {[%emt 0:17:53]} Nd7 {[%emt 0:25:05]} 15. Bh6 {[%emt 0:13:02]} Rfc8 {[%emt 0:17:57]} 16. Bxg7 {[%emt 0:07:01]} Kxg7 {[%emt 0:00:09]} 17. Qd4+ {[%emt 0:00:42]} Qe5 {[%emt 0:07:38]} 18. Rfd1 {[%emt 0:06:19]} Qxd4 {[%emt 0:04:40]} 19. Rxd4 {[%emt 0:00:14]} Ne5 {[%emt 0:02:41]} 20. f4 {[%emt 0:08:13]} Nc6 {[%emt 0:06:38]} 21. Rdd1 {[%emt 0:01:21]} f5 {[%emt 0:05:33]} 22. exf5 {[%emt 0:01:12]} Bxf5 {[%emt 0:00:24]} 23. Nd5 {[%emt 0:00:25]} Ra5 {[%emt 0:01:44]} 24. Bd3 {[%emt 0:02:08]} Bxd3 {[%emt 0:03:17]} 25. Rxd3 {[%emt 0:00:08]} Rca8 {[%emt 0:00:42]} 26. Re1 {[%emt 0:01:54]} Kf7 {[%emt 0:00:23]} 27. Rde3 {[%emt 0:00:51]} Re8 {[%emt 0:00:23]} 28. g4 {[%emt 0:02:52]} Rc5 {[%emt 0:00:40]} 29. b3 {[%emt 0:01:17]} a3 {[%emt 0:00:39]} 30. Rh3 {[%emt 0:00:38]} Kg7 {[%emt 0:00:29]} 31. Nc7 {[%emt 0:00:12]} Rb8 {[%emt 0:00:36]} 32. Ne6+ {[%emt 0:00:07]} Kg8 {[%emt 0:00:27]} 33. Nxc5 {[%emt 0:00:26]} dxc5 {[%emt 0:00:03]} 34. Rd3 {[%emt 0:01:24]} Kf8 {[%emt 0:00:47]} 35. Rd5 {[%emt 0:01:20]} b6 {[%emt 0:00:36]} 36. f5 {[%emt 0:03:00]} Rd8 {[%emt 0:00:38]} 37. Rxd8+ {[%emt 0:02:31]} Nxd8 {[%emt 0:00:04]} 38. fxg6 {[%emt 0:00:35]} hxg6 {[%emt 0:00:08]} 39. h4 {[%emt 0:00:34]} e6 {[%emt 0:01:14]} 40. h5 {[%emt 0:00:18]} gxh5 {[%emt 0:00:31]} 41. gxh5 {[%emt 0:00:07]} Kg7 {[%emt 0:00:29]} 42. Re2 {[%emt 0:00:15]} Kh6 {[%emt 0:00:33]} 43. Rh2 {[%emt 0:00:07]} Nf7 {[%emt 0:00:30]} 44. Kg2 {[%emt 0:00:45]} Ng5 {[%emt 0:00:31]} 45. Kg3 {[%emt 0:00:50]} Ne4+ {[%emt 0:00:27]} 46. Kf4 {[%emt 0:00:20]} Nf6 {[%emt 0:00:28]} 47. Rh3 {[%emt 0:00:47]} Nd7 {[%emt 0:00:38]} 48. Rh1 {[%emt 0:00:52]} Nf6 {[%emt 0:00:26]} 49. Ke5 {[%emt 0:00:12]} Nxh5 {[%emt 0:00:24]} 50. Kxe6 {[%emt 0:00:11]} Kg5 {[%emt 0:00:29]} 51. Rxh5+ {[%emt 0:00:32]} Kxh5 {[%emt 0:00:24]} 52. Kd6 {[%emt 0:00:07]} 1-0

[Event "POL-chT 2nd League Juniors 2020"]
[Site "Sypniewo"]
[Date "2020.10.27"]
[Round "6.5"]
[White "Wasala, Wiktoria"]
[Black "Kudlak, Julia"]
[Result "1/2-1/2"]
[WhiteElo "1458"]
[BlackElo "1574"]
[Annotator "NA RC"]
[PlyCount "71"]
[EventDate "2020.10.23"]
[EventType "team-tourn"]
[EventCountry "POL"]
[SourceTitle "playchess.com"]
[Source "ChessBase"]
[SourceQuality "1"]
[TimeControl "5400+30"]

1. e4 {[%emt 0:00:00]} e5 {[%emt 0:00:00]} 2. Nf3 Nc6 {[%emt 0:00:28]} 3. Nc3 {[%emt 0:00:20]} Nf6 {[%emt 0:00:49]} 4. d4 {[%emt 0:00:05]} exd4 {[%emt 0:00:52]} 5. Nxd4 {[%emt 0:00:07]} Bb4 {[%emt 0:00:47]} 6. Nxc6 {[%emt 0:00:12]} bxc6 {[%emt 0:00:16]} 7. Bd3 {[%emt 0:00:11]} O-O {[%emt 0:01:03]} 8. O-O {[%emt 0:00:12]} d5 {[%emt 0:02:11]} 9. exd5 {[%emt 0:06:24]} cxd5 {[%emt 0:00:23]} 10. Bg5 {[%emt 0:01:33]} Be6 {[%emt 0:00:36]} 11. Bxf6 {[%emt 0:08:21]} Qxf6 {[%emt 0:04:11]} 12. Nb5 {[%emt 0:08:28]} Ba5 {[%emt 0:02:33]} 13. c3 {[%emt 0:03:10]} Bb6 {[%emt 0:00:52]} 14. Nd4 {[%emt 0:01:20]} Bd7 {[%emt 0:06:56]} 15. Qh5 {[%emt 0:02:33]} g6 {[%emt 0:04:27]} 16. Qxd5 {[%emt 0:00:19]} Rad8 {[%emt 0:02:08]} 17. Qf3 {[%emt 0:07:36]} Bxd4 {[%emt 0:00:27]} 18. cxd4 {[%emt 0:00:23]} Qxd4 {[%emt 0:04:18]} 19. b3 {[%emt 0:10:05]} Be6 {[%emt 0:05:21]} 20. Be4 {[%emt 0:04:15]} a5 {[%emt 0:03:19]} 21. h3 {[%emt 0:02:36]} a4 {[%emt 0:02:32]} 22. Rfd1 {[%emt 0:01:19]} Qb4 {[%emt 0:01:24]} 23. Bd5 {[%emt 0:01:37]} Bxd5 {[%emt 0:01:43]} 24. Rxd5 {[%emt 0:00:09]} axb3 {[%emt 0:01:51]} 25. axb3 {[%emt 0:00:10]} Rb8 {[%emt 0:04:50]} 26. Rd7 {[%emt 0:02:46]} c5 {[%emt 0:04:14]} 27. Raa7 {[%emt 0:05:45]} Qe1+ {[%emt 0:03:18]} 28. Kh2 {[%emt 0:00:06]} Qe5+ {[%emt 0:00:36]} 29. g3 {[%emt 0:02:00]} Qe6 {[%emt 0:01:27]} 30. Qd5 {[%emt 0:03:48]} Qf6 {[%emt 0:06:54]} 31. Qxc5 {[%emt 0:01:25]} Rxb3 {[%emt 0:02:18]} 32. Qd4 {[%emt 0:00:08]} Qf3 {[%emt 0:01:52]} 33. Rd8 Rxd8 {[%emt 0:03:04]} 34. Qxd8+ {[%emt 0:02:58]} Kg7 {[%emt 0:00:07]} 35. Qd4+ {[%emt 0:00:05]} Qf6 {[%emt 0:01:03]} 36. Qxf6+ {[%emt 0:00:35]} 1/2-1/2